| 000 | 00857nam a22002657a 4500 | ||
|---|---|---|---|
| 001 | 00522 | ||
| 003 | DO-SdBNP | ||
| 005 | 20180126094528.0 | ||
| 007 | 00522 | ||
| 008 | 160609b co 1980||||| |||| 00| 0 spa d | ||
| 020 | _a9686046968 | ||
| 040 |
_aBPMSU _bspa _cBPMSU |
||
| 092 |
_axxxxxxxx _bxxxxxxxx |
||
| 100 | 1 | _aRobert Gregg, John | |
| 245 | 1 |
_aTaquigrafía gregg : _btexto básico / _cJohn Robert Gregg, Louis A. Leslie, Charles E. Zoubek ; editor Alvaro Romero ; revisión Martha Olaeta de De la Peña |
|
| 260 |
_aColombia : _bMcGraw-Hill, _c1980. |
||
| 300 |
_a138 p. : _c23 cm. |
||
| 700 | 1 | _aLeslie, Louis A. | |
| 700 | 1 | _aZoubek, Charles E. | |
| 700 | 1 |
_aRomero, Alvaro, _eed. |
|
| 700 | 1 |
_aOlaeta de De la Peña, Martha, _erev. |
|
| 942 |
_2ddc _cBK |
||
| 945 | _aInventariado extranjero / 2018 VM | ||
| 956 |
_aBTAVÄREZ _b10 _c09062016 _d00522 |
||
| 999 |
_c10347 _d10347 |
||